| 000 | 00000nam##2200000za#4500 |
| 001 | 9.637892 |
| 003 | CaOODSP |
| 005 | 20210624221425 |
| 007 | cr ||||||||||| |
| 008 | 150407|2003||||xxc|||||o f|0| 0 fre|d |
| 040 | |aCaOODSP|bfre |
| 043 | |an-cn--- |
| 086 | 1 |aIu1-1/2003F-PDF |
| 110 | 1 |aCanada.|bIndustrie Canada. |bBureau du conseiller en éthique. |
| 245 | 10|aDeuxième rapport du conseiller en éthique sur les activités du Bureau du conseiller en éthique du 1 octobre 2002 au 30 septembre 2003 |h[ressource électronique] |
| 260 | |aOttawa - Ontario : |bIndustrie Canada. |c[2003]. |
| 300 | |a20p. |
| 500 | |aLe n° de catalogue (Iu1-1/2003) et l'ISBN (0-662-67745-5) de l'édition imprimée bilingue ont été incorrectement copiés dans l'édition pdf. |
| 520 | 3 |aCe rapport met l’accent sur différentes fonctions du conseiller en éthique et discute de l’engagement du bureau envers la responsabilisation et la transparence. La section sur la fonction de conseil porte sur la nouvelle politique fédérale sur les conflits d’intérêts et les lignes directrices régissant les rapports entre ministres et sociétés d’État; celle sur la fonction d’examen aborde les appels d’offres adjugés par les bureaux de ministres et les limites imposées aux activités politiques des personnes nommées par le gouverneur en conseil; et celle sur la fonction de partenariat traite de la collaboration du bureau avec des organismes similaires. |
| 590 | |a10-13-Supp|b2010-11-23 |
| 691 | 07|aÉthique|2gcpds |
| 691 | 07|aInstitution fédérale|2gcpds |
| 775 | 08|tThe second report of the Ethics Counsellor on the activities of the Office of the Ethics Counsellor from October 1, 2002 to September 30, 2003 |w(CaOODSP)9.693718 |
| 776 | 0#|tThe second report of the Ethics Counsellor on the activities of the Office of the Ethics Counsellor from October 1, 2002 to September 30, 2003 |w(CaOODSP)9.665063 |
| 776 | 0#|tDeuxième rapport du conseiller en éthique sur les activités du Bureau du conseiller en éthique du 1 octobre 2002 au 30 septembre 2003 |w(CaOODSP)9.665064 |
| 856 | 40|ahttp://publications.gc.ca|qPDF|s2567 Ko|uhttps://publications.gc.ca/collections/collection_2010/ic/Iu1-1-2003-fra.pdf |